000 00288nam a2200133Ia 4500
100 _aNadkarny/V.V
942 _cBK
654 _aQuantitative
245 _aQuantitative Analysis
260 _bPopular Prakashan
_aMumbai
_c1970
082 _a545
_bNAD
300 _a224
546 _aENGLISH
999 _c18933
_d18933